Madaraj-e-Nabuwat (Record no. 62785)

000 -LEADER
fixed length control field 00440nam a22001697a 4500
003 - CONTROL NUMBER IDENTIFIER
control field NUST - PNEC
005 - DATE AND TIME OF LATEST TRANSACTION
control field 20170116180757.0
008 - FIXED-LENGTH DATA ELEMENTS--GENERAL INFORMATION
fixed length control field 150407b xxu||||| |||| 00| 0 eng d
040 ## - CATALOGING SOURCE
Transcribing agency LIBRARY
082 ## - DEWEY DECIMAL CLASSIFICATION NUMBER
Classification number 297.63 ABD
100 ## - MAIN ENTRY--PERSONAL NAME
9 (RLIN) 2175
Personal name Abdul Haq
245 ## - TITLE STATEMENT
Title Madaraj-e-Nabuwat
Statement of responsibility, etc. Sheikh Abdul Haq Mohadis Delhvi
260 ## - PUBLICATION, DISTRIBUTION, ETC.
Place of publication, distribution, etc. Lahore:
Name of publisher, distributor, etc. Maktaba Islamia,
300 ## - PHYSICAL DESCRIPTION
Extent 1022 p. :
Dimensions 24 cm.
650 ## - SUBJECT ADDED ENTRY--TOPICAL TERM
9 (RLIN) 2177
Topical term or geographic name entry element Nabuwat
942 ## - ADDED ENTRY ELEMENTS (KOHA)
Source of classification or shelving scheme
Koha item type Book
Holdings
Withdrawn status Lost status Source of classification or shelving scheme Damaged status Not for loan Permanent Location Current Location Shelving location Date acquired Source of acquisition Total Checkouts Full call number Barcode Date last seen Price effective from Koha item type
          Pakistan Navy Engineering College (PNEC) Pakistan Navy Engineering College (PNEC)   02/09/1995 Donated   297.63 ABD PNECLIB-017811 04/07/2015 02/09/1995 Book
          Pakistan Navy Engineering College (PNEC) Pakistan Navy Engineering College (PNEC)   02/09/1995 Donated   297.63 ABD PNECLIB-017810 04/09/2015 02/09/1995 Book
© 2023 Central Library, National University of Sciences and Technology. All Rights Reserved.